| 000 | 00358nam a2200145Ia 4500 | ||
|---|---|---|---|
| 008 | 230917s9999||||xx |||||||||||||| ||und|| | ||
| 040 |
_e169854 _aMAIN |
||
| 041 | _aEnglish | ||
| 082 | _a346.022 K143S | ||
| 100 | _aKapoor, Shyam Kishore | ||
| 245 | 0 | _aSamvida vidhi-II | |
| 260 |
_aAllahabad _bCentral Law Agency _c1999 |
||
| 300 | _a240 p. | ||
| 942 | _cBK | ||
| 999 |
_c105465 _d105465 |
||